000 04575nam a2200409 a 4500
005 20220823174509.0
007 ta
008 220823s2019 -ukao||f |||| 001 0 eng d
020 _a978-1-60358-785-3
040 _amxchpua
_cCHAP
_erda
050 _aSF271
_b.D66 2019
082 _223
_a637.3
_bD66 2019
100 1 _9185456
_aDonnelly, Catherine W.
245 1 0 _aEnding the war on artisan cheese :
_bthe inside story of government overreach and the struggle to save traditional raw milk cheesemakers /
_cCatherine W. Donnelly.
250 _aPrimera edición
264 _aWhite River Junction, Vermont :
_bChelsea Green Publishing,
_c2019
300 _axiv, 209 páginas :
_bilustraciones, fotografías
336 _2rdacontent
_atexto
_btxt
337 _2rdamedia
_asin medio
_bn
338 _2rdacarrier
_avolumen
_bnc
504 _aBibliografía: p. 179-197
505 0 _aAn Introduction to the Raw Milk Cheese Debate -- The Historical Context for Raw Milk Cheesemaking -- Is Raw Milk Cheese Really Risky? -- Why Raw Milk Cheese Is Not Raw -- EU versus US Regulations -- Redefining Pasteurization -- FDA's Assault on Artisan Cheese, Phase 1: The Domestic and Imported Cheese Compliance Program -- FDA's Assault on Artisan Cheese, Phase 2: Wooden Boards in Cheese Aging -- Listeria and the Soft Cheese Risk Assessment -- Geographical Indications -- The Food Safety Modernization Act -- Timeline of Key Events and Hard Questions -- Toward a New Regulatory Model -- International Perspectives -- Advocacy.
520 2 _a"A prominent food scientist defends the use of raw milk in traditional artisan cheesemaking. Raw milk cheese―cheese made from unpasteurized milk―is an expansive category that includes some of Europe’s most beloved traditional styles: Parmigiano Reggiano, Gruyère, and Comté, to name a few. In the United States, raw milk cheese forms the backbone of the resurgent artisan cheese industry, as consumers demand local, traditionally produced, and high-quality foods. Internationally award-winning artisan cheeses like Bayley Hazen Blue (Jasper Hill, VT) would have been unimaginable just forty years ago when American cheese meant Kraft Singles. Unfortunately the artisan cheese industry faces an existential regulatory threat. Over the past thirty years the US Food and Drug Administration (FDA) has edged toward an outright ban on raw milk cheeses. Their assault on traditional cheesemaking goes beyond a debate about raw milk safety; the FDA has also attempted to ban the use of wooden boards, the use of ash in cheese ripening, and has set stringent microbiological criteria that many artisan cheeses cannot meet. The David versus Goliath existence of small producers fighting crushing regulations is true in parts of Europe as well, where beloved creameries are going belly-up or being bought out because they can’t comply with EU health ordinances. Centuries-old cheese styles like Fourme d’Ambert and Cantal are nearing extinction, leading Prince Charles to decry the “bacteriological correctness” of European regulators. The dirty secret is that Listeria and other bacterial outbreaks occur in pasteurized cheeses more often than in raw milk cheeses, and traditional processes like ash-ripening have been proven safe. In Ending the War on Artisan Cheese, Dr. Catherine Donnelly forcefully defends traditional cheesemaking, while exposing government actions in the United States and abroad designed to take away food choice under the false guise of food safety. This book is fundamentally about where and how our food is produced, the values we place on methods of food production, and how the roles of tradition, heritage, and quality often conflict with advertising, politics, and profits in influencing our food choices." Información del editor.
_uhttps://www.abebooks.com/Ending-Artisan-Cheese-Story-Government-Overreach/30776326206/bd
650 1 3 _9142991
_aFabricación de queso
_zEuropa
650 1 0 _9142991
_aFabricación de queso
_zEstados Unidos de América
650 1 3 _9142511
_aIndustria quesera
_xLeyes y legislación
650 1 0 _9185458
_aQueso de leche cruda
_zEuropa
650 1 0 _9185458
_aQueso de leche cruda
_zEstados Unidos de América
650 1 3 _9144437
_aQueso artesanal
650 1 3 _9146964
_aCheesemaking
_zEurope
650 1 3 _9146964
_aCheesemaking
_zUnited States
650 1 0 _9185457
_aRaw milk cheese
_zEurope
650 1 0 _9185457
_aRaw milk cheese
_zUnited States
650 1 3 _9154162
_aCheese industry
_xLaw and legislation
650 1 3 _9185223
_aArtisan cheese
942 _2ddc
_cLIBRO
999 _c217620
_d217620